Murder among friends (Record no. 4467)
[ view plain ]
| 000 -LEADER | |
|---|---|
| fixed length control field | 01340nam a2200337Ia 4500 |
| 100 1# - MAIN ENTRY--AUTHOR NAME | |
| Personal name | Belfiore, Elizabeth S., |
| 245 10 - TITLE STATEMENT | |
| Title | Murder among friends |
| 260 ## - PUBLICATION, DISTRIBUTION, ETC. (IMPRINT) | |
| Place of publication | New York : |
| Name of publisher | Oxford University Press, |
| Year of publication | 2000. |
| 300 ## - PHYSICAL DESCRIPTION | |
| Number of Pages | xix, 282 p. |
| 650 #0 - SUBJECT ADDED ENTRY--TOPICAL TERM | |
| Topical Term | Greek drama (Tragedy) |
| Topical Term | Friendship in literature. |
| Topical Term | Murder in literature. |
| Topical Term | Families in literature. |
| Topical Term | Love in literature. |
| 856 40 - ELECTRONIC LOCATION AND ACCESS | |
| Uniform Resource Identifier | http://site.ebrary.com/lib/rucke/Doc?id=10279155 |
No items available.
